000 01356cam a2200301 a 4500
999 _c330577
_d330577
001 2578821
003 NUST
005 20170720164253.0
008 960321s1997 nyua b 001 0 eng
010 _a 96015461
020 _a9781577666059 (alk. paper)
040 _aDLC
_cDLC
_dDLC
050 0 0 _aTD365
_b.C48 1997
082 0 0 _a624 CHA
_220
100 1 _aChapra, Steven C.
_9132
245 1 0 _aSurface water-quality modeling /
_cSteven C. Chapra.
260 _aNew York :
_bMcGraw-Hill,
_cc1997.
300 _axix, 844 p. :
_bill. ;
_c25 cm.
440 0 _aMcGraw-Hill series in water resources and environmental engineering
_92106
500 _aP.B
504 _aIncludes bibliographical references (p. 821-833) and index.
650 0 _aWater quality
_xMathematical models.
_93518
856 4 2 _3Publisher description
_uhttp://www.loc.gov/catdir/description/mh022/96015461.html
856 4 1 _3Table of contents
_uhttp://www.loc.gov/catdir/toc/mh022/96015461.html
856 4 2 _3Contributor biographical information
_uhttp://www.loc.gov/catdir/enhancements/fy0737/96015461-b.html
906 _a7
_bcbc
_corignew
_d1
_eocip
_f19
_gy-gencatlg
942 _2ddc
_cBK
_kIESE